000 00685nam#a22002295a#4500
001 30
008 050914s19911991ag#a###e#i###f001#|#spa#d
245 1 0 _aPrograma Nacional de Lectura y Producción Escrita /
_cMinisterio de Cultura y Educación de la Nación.
250 _a1ª ed.
260 _aBuenos Aires :
_bMinisterio de la Cultura y Educación de la Nación.,
_c[ca 2005]
300 _a97 p. :
_bil. ;
_c24 cm.
110 2 _aMinisterio de Cultura y Educación de la Nación.
080 _a801.61
084 _aP85
653 _aLibro
653 _aLiteratura
653 _aEscritura
040 _aAR-ClEAG
_cAR-ClEAG
005 20241107184622.0
003 AR-ClEAG
942 _cBK
999 _c30
_d30
980 _62
_aEvangelina Gallicchio
_82
_gEvangelina Gallicchio